| 000 | 00563nam a22001577a 4500 | ||
|---|---|---|---|
| 003 | OSt | ||
| 005 | 20150906151323.0 | ||
| 008 | 150906b xxu||||| |||| 00| 0 eng d | ||
| 040 | _cRUA | ||
| 082 | _aAGR ហឿង 1990 B001 Or.1 | ||
| 100 |
_9116 _aហឿង ហ៊ុន |
||
| 245 | _aសត្វល្អិតចង្រៃនិងជំងឺសណ្ដែកសៀង ការបំផ្លាញរបស់វានិងវិធានការកំចាត់ | ||
| 260 |
_aPhnom Penh _bRUA _c1990 |
||
| 300 |
_a83p. _bill. _c29cm. |
||
| 942 |
_2ddc _cAGR |
||
| 999 |
_c106 _d106 |
||